000 00744nam a2200229 4500
003 OSt
005 20260530113846.0
008 260421b1977 mx a|||| |||| 00| 0 spa d
040 _aICI
_bspa
_cICI
050 _aTS171
_bC65
245 0 0 _aContra un diseño dependiente :
_bun modelo para la autodeterminación nacional /
_cM. L. Gutiérrez ... y otros
264 1 _bEditorial Edicol,
_c1977
_aMéxico :
300 _a308 páginas
_c21.3 cm
336 _atexto
_2rdacontent
337 _asin medio
_2rdamedia
338 _avolumen
_2rdacarrier
490 0 _aDiseño ruptura y alternativas
650 4 _aTecnología
_zMéxico
_930733
650 4 _aDiseño industrial
_zMéxico
700 1 _aGutierrez, Martin L.,
_eautor
_930734
942 _2lcc
_cBK
999 _c11290
_d11290